[Event "Cheliabinsk Variation-A"]
[Site "Cheliabinsk"]
[Date "2022.04.08"]
[Round "7"]
[White "Kotsur, Pavel"]
[Black "Aitbayev, Aslan"]
[Result "1/2-1/2"]
[WhiteElo "2500"]
[BlackElo "2416"]
[PlyCount "122"]
[EventDate "2022.04.01"]
[EventType "swiss"]
[EventRounds "9"]
[EventCountry "RUS"]
[SourceTitle "CBM 207 Extra"]
[Source "ChessBase"]
[SourceDate "2022.05.31"]
[SourceVersion "1"]
[SourceVersionDate "2022.05.31"]
[SourceQuality "1"]

1. e4 d6 2. d4 Nf6 3. Nc3 e5 4. Nf3 exd4 5. Nxd4 Be7 6. Be2 0-0 7. 0-0 Re8 8. f4 Bf8 9. Bf3 c5 10. Nb3 Nc6 11. Re1 a5 12. a4 Nb4 13. Be3 d5 14. Bf2 d4 15. Na2 Be6 16. Nac1 Qc7 17. Bg3 Qb6 18. Bf2 Rad8 19. Nd2 c4 20. f5 Bxf5 21. c3 Be6 22. e5 Nfd5 23. Bxd4 Bc5 24. Nxc4 Nxc3 25. Nxb6 Rxd4 26. Qxd4 Bxd4+ 27. Kf1 Bxb6 28. bxc3 Nc2 29. Rb1 Nxe1 30. Rxb6 Nxf3 31. gxf3 Bd5 32. Kf2 Rxe5 33. Rb5 Rf5 34. Rxa5 g6 35. c4 Bxc4 36. Rxf5 gxf5 37. Ke3 Kg7 38. Kd4 Bf1 39. Ke5 Kg6 40. Nb3 Kg5 41. Nc5 f6+ 42. Ke6 Bc4+ 43. Ke7 Bd5 44. Ne6+ Bxe6 45. Kxe6 b6 46. Kd6 Kf4 47. Kc6 Kxf3 48. Kxb6 f4 49. a5 Ke3 50. a6 f3 51. a7 f2 52. a8Q f1Q 53. Qe8+ Kf4 54. Qb8+ Ke3 55. Qe8+ Kf2 56. Qe4 Qh3 57. Qf4+ Qf3 58. Qh4+ Kg2 59. Qxh7 f5 60. h4 f4 61. Qg7+ Qg3 1/2-1/2

[Event "Cheliabinsk Variation Blitz"]
[Site "Cheliabinsk"]
[Date "2022.03.31"]
[Round "7"]
[White "Yeletsky, Ivan"]
[Black "Kotsur, Pavel"]
[Result "1-0"]
[WhiteElo "2460"]
[BlackElo "2500"]
[PlyCount "93"]
[EventDate "2022.03.31"]
[EventType "swiss (blitz)"]
[EventRounds "13"]
[EventCountry "RUS"]
[SourceTitle "CBM 207 Extra"]
[Source "ChessBase"]
[SourceDate "2022.05.31"]
[SourceVersion "1"]
[SourceVersionDate "2022.05.31"]
[SourceQuality "1"]

1. e4 c5 2. Nf3 Nc6 3. d4 cxd4 4. Nxd4 Nf6 5. Nc3 e5 6. Ndb5 d6 7. Bg5 a6 8. Na3 b5 9. Nd5 Be7 10. Bxf6 Bxf6 11. c3 Rb8 12. Nc2 0-0 13. h4 Be6 14. g3 a5 15. Nce3 b4 16. Bc4 Kh8 17. Kf1 bxc3 18. bxc3 Be7 19. Kg2 Qd7 20. Qe2 Rfc8 21. Rab1 Bd8 22. Ba6 Rxb1 23. Bxc8 Bh3+ 24. Kf3 Qxc8 25. Rxb1 f5 26. Qc2 f4 27. gxf4 exf4 28. Nxf4 Ne5+ 29. Kg3 Bd7 30. f3 Bf6 31. Nfd5 Qd8 32. Rh1 Ng6 33. h5 Nf8 34. f4 Ne6 35. Ng4 Nc5 36. h6 Bxg4 37. hxg7+ Bxg7 38. Kxg4 Qg8 39. Kf3 Qe6 40. Qe2 h6 41. Rh2 Qd7 42. Qg2 Qa4 43. Qe2 Qc6 44. c4 Qa4 45. Rg2 Qa3+ 46. Qe3 Qxa2 47. Rxa2 1-0

[Event "Titled Tuesday intern op 06th July"]
[Site "Chess.com INT"]
[Date "2021.07.06"]
[Round "4"]
[White "Mickiewicz, Piotr"]
[Black "Kotsur, Pavel"]
[Result "0-1"]
[WhiteElo "2247"]
[BlackElo "2500"]
[PlyCount "96"]
[EventDate "2021.07.06"]
[EventType "swiss (blitz)"]
[EventRounds "11"]
[EventCountry "USA"]
[SourceTitle "EXT 2022"]
[Source "ChessBase"]
[SourceDate "2021.10.06"]
[SourceVersion "1"]
[SourceVersionDate "2021.10.06"]
[SourceQuality "1"]

1. e4 c5 2. Nf3 d6 3. d4 cxd4 4. Qxd4 Nf6 5. Nc3 Nc6 6. Bb5 Nd7 7. Qe3 g6 8. 0-0 Bg7 9. Bd2 0-0 10. Rfe1 a6 11. Bf1 b5 12. a3 Bb7 13. Rad1 Rc8 14. Bc1 Na5 15. Nd5 Rxc2 16. Bd2 Nc4 17. Bxc4 Rxc4 18. Bc3 Bxc3 19. Nxc3 f6 20. Nd4 Rf7 21. Ne6 Qc8 22. Nd5 Nc5 23. Nxc5 Qxc5 24. b4 Qxe3 25. Rxe3 Kf8 26. f4 e6 27. Nc3 Rd7 28. Rdd3 Ke7 29. Kf2 f5 30. exf5 Rxf4+ 31. Kg3 Rxf5 32. h4 Rc7 33. Ne2 Rd5 34. Nd4 e5 35. Nf3 Rxd3 36. Rxd3 Bxf3 37. gxf3 Rc4 38. Rd1 Ke6 39. h5 gxh5 40. Rh1 h4+ 41. Kf2 Kf5 42. Rg1 Rc2+ 43. Ke3 Rc3+ 44. Ke2 Rxa3 45. Rg4 h3 46. Rh4 h2 47. Rh5+ Kg6 48. Rh4 Ra1 0-1

[Event "Titled Tuesday intern op 06th July"]
[Site "Chess.com INT"]
[Date "2021.07.06"]
[Round "5"]
[White "Quparadze, Giga"]
[Black "Kotsur, Pavel"]
[Result "1-0"]
[WhiteElo "2476"]
[BlackElo "2500"]
[PlyCount "61"]
[EventDate "2021.07.06"]
[EventType "swiss (blitz)"]
[EventRounds "11"]
[EventCountry "USA"]
[SourceTitle "EXT 2022"]
[Source "ChessBase"]
[SourceDate "2021.10.06"]
[SourceVersion "1"]
[SourceVersionDate "2021.10.06"]
[SourceQuality "1"]

1. e4 c5 2. Ne2 Nf6 3. Nbc3 d5 4. exd5 Nxd5 5. Nxd5 Qxd5 6. Nc3 Qd7 7. Bb5 Nc6 8. Qf3 e6 9. 0-0 Be7 10. d3 0-0 11. Bxc6 bxc6 12. b3 Bf6 13. Bb2 Rb8 14. Na4 Bxb2 15. Nxb2 Rb4 16. Na4 e5 17. Nxc5 Qe7 18. Na4 Bb7 19. c4 Bc8 20. Qxc6 Rb8 21. Qc5 Qg5 22. f4 Qg6 23. fxe5 Bb7 24. Qf2 Qxd3 25. Nc5 Qg6 26. Nd7 h5 27. Nxb8 Rxb8 28. e6 Qxe6 29. Rae1 Qg6 30. Re7 Rf8 31. Rxb7 1-0

[Event "Cheliabinsk Variant Gp-A"]
[Site "Cheliabinsk"]
[Date "2021.03.31"]
[Round "10"]
[White "Kotsur, Pavel"]
[Black "Ansat, Aldiyar"]
[Result "1-0"]
[WhiteElo "2517"]
[BlackElo "2333"]
[PlyCount "143"]
[EventDate "2021.03.23"]
[EventType "swiss"]
[EventRounds "10"]
[EventCountry "RUS"]
[SourceTitle "CBM 202 Extra"]
[Source "ChessBase"]
[SourceDate "2021.07.31"]
[SourceVersion "1"]
[SourceVersionDate "2021.07.31"]
[SourceQuality "1"]

1. d4 d5 2. c4 dxc4 3. Nf3 Nf6 4. e3 c5 5. Bxc4 e6 6. 0-0 cxd4 7. exd4 Be7 8. Nc3 0-0 9. Re1 Nc6 10. a3 b6 11. d5 Na5 12. Ba2 exd5 13. b4 Nc4 14. Nxd5 Nxd5 15. Bxc4 Nc7 16. Bf4 Bg4 17. h3 Qxd1 18. Raxd1 Bxf3 19. gxf3 Ne6 20. Rd7 Bg5 21. Rxe6 Bxf4 22. Ree7 Kh8 23. Rxf7 Rxf7 24. Rxf7 g5 25. Bd5 Rd8 26. Be4 h5 27. h4 Rd1+ 28. Kg2 Rd2 29. Rf5 Be3 30. hxg5 Rxf2+ 31. Kg3 Rf1 32. f4 h4+ 33. Kg4 h3 34. Kxh3 Rxf4 35. Re5 Kg7 36. Kg3 Rf1 37. Rd5 Rf7 38. Bd3 Re7 39. Kg4 Bd2 40. Kh5 a5 41. Bc4 Bc3 42. b5 Rc7 43. Bb3 a4 44. Bxa4 Ra7 45. Bc2 Rxa3 46. Rd7+ Kf8 47. Rd6 Ra2 48. Bf5 Rh2+ 49. Kg6 Rg2 50. Be4 Re2 51. Bc6 Ke7 52. Rd7+ Ke6 53. Rd8 Rh2 54. Re8+ Kd6 55. Re3 Bb2 56. Kf5 Rf2+ 57. Kg4 Rf1 58. Re2 Be5 59. g6 Ke6 60. Be8 Kf6 61. Rc2 Rf4+ 62. Kh3 Rf3+ 63. Kg2 Rg3+ 64. Kf1 Kg7 65. Rc6 Rf3+ 66. Ke2 Rf6 67. Kd3 Rxc6 68. bxc6 b5 69. Ke4 Bc7 70. Kf5 Kf8 71. Bf7 Bb6 72. Bb3 1-0

[Event "Cheliabinsk Variant Gp-A"]
[Site "Cheliabinsk"]
[Date "2021.03.30"]
[Round "9"]
[White "Bivol, Alina"]
[Black "Kotsur, Pavel"]
[Result "1-0"]
[WhiteElo "2370"]
[BlackElo "2517"]
[PlyCount "119"]
[EventDate "2021.03.23"]
[EventType "swiss"]
[EventRounds "10"]
[EventCountry "RUS"]
[SourceTitle "CBM 202 Extra"]
[Source "ChessBase"]
[SourceDate "2021.07.31"]
[SourceVersion "1"]
[SourceVersionDate "2021.07.31"]
[SourceQuality "1"]

1. e4 e5 2. Nf3 Nc6 3. d4 exd4 4. Nxd4 Bc5 5. Nb3 Bb6 6. Nc3 Nge7 7. Qe2 0-0 8. Be3 d6 9. 0-0-0 f5 10. Bxb6 axb6 11. a3 f4 12. f3 Be6 13. h4 Bxb3 14. cxb3 Ne5 15. Nb5 Rf6 16. Qd2 Qd7 17. Qc3 Rd8 18. Be2 N7c6 19. Rd2 Rh6 20. Kb1 Qe7 21. Ka2 Rd7 22. Bc4+ Kh8 23. Bd5 Rxh4 24. Rxh4 Qxh4 25. Be6 Rd8 26. b4 Qe7 27. Bb3 Ra8 28. Kb1 h5 29. Qc1 g5 30. Rd1 h4 31. Nc3 Qg7 32. Nd5 Rc8 33. Qd2 Ne7 34. Nc3 Rd8 35. Qc2 Qf6 36. Ka2 Kg7 37. Kb1 c5 38. Qe2 N7c6 39. Nd5 Qf7 40. Qb5 h3 41. bxc5 dxc5 42. gxh3 Nxf3 43. Qxb6 Qg6 44. Qxb7+ Kh6 45. Ka2 Nfd4 46. Ba4 Ne5 47. Qc7 Qd6 48. Qa7 Nc4 49. h4 g4 50. Rc1 Nd2 51. Rxc5 Nxe4 52. Ra5 Ne6 53. Ne7 Qc7 54. Nf5+ Kg6 55. Qa6 Nd6 56. Nxd6 Rxd6 57. Qb5 g3 58. Qf5+ Kg7 59. Qe5+ Kf8 60. Qh8+ 1-0

[Event "Cheliabinsk Variant Gp-A"]
[Site "Cheliabinsk"]
[Date "2021.03.29"]
[Round "8"]
[White "Kotsur, Pavel"]
[Black "Radzhabov, Rodion"]
[Result "1-0"]
[WhiteElo "2517"]
[BlackElo "2344"]
[PlyCount "61"]
[EventDate "2021.03.23"]
[EventType "swiss"]
[EventRounds "10"]
[EventCountry "RUS"]
[SourceTitle "CBM 202 Extra"]
[Source "ChessBase"]
[SourceDate "2021.07.31"]
[SourceVersion "1"]
[SourceVersionDate "2021.07.31"]
[SourceQuality "1"]

1. e4 c5 2. Nf3 e6 3. c4 Nc6 4. Be2 Nf6 5. Nc3 a6 6. 0-0 Qc7 7. d4 cxd4 8. Nxd4 Bb4 9. Nxc6 dxc6 10. Qb3 Bd6 11. h3 0-0 12. Be3 Nd7 13. Rad1 Nc5 14. Qc2 e5 15. b4 Ne6 16. c5 Be7 17. Na4 Nf4 18. Bc4 Bd7 19. Nb6 Rad8 20. Bxf4 exf4 21. e5 Be8 22. Qe4 Rxd1 23. Rxd1 Kh8 24. Re1 Bg5 25. Qf5 Qe7 26. Nc8 Qd8 27. Nd6 g6 28. Qc2 Qe7 29. Qc3 Bh6 30. e6+ f6 31. Nc8 1-0

[Event "Cheliabinsk Variant Gp-A"]
[Site "Cheliabinsk"]
[Date "2021.03.25"]
[Round "3"]
[White "Girya, Olga"]
[Black "Kotsur, Pavel"]
[Result "1-0"]
[WhiteElo "2432"]
[BlackElo "2517"]
[PlyCount "55"]
[EventDate "2021.03.23"]
[EventType "swiss"]
[EventRounds "10"]
[EventCountry "RUS"]
[SourceTitle "CBM 202 Extra"]
[Source "ChessBase"]
[SourceDate "2021.07.31"]
[SourceVersion "1"]
[SourceVersionDate "2021.07.31"]
[SourceQuality "1"]

1. d4 Nf6 2. c4 e6 3. Nf3 b6 4. g3 Ba6 5. Qc2 c5 6. d5 exd5 7. cxd5 Bb7 8. Bg2 Nxd5 9. 0-0 Be7 10. Rd1 Nc6 11. Qa4 Nc7 12. Ne5 d5 13. Nc3 b5 14. Nxb5 0-0 15. Bf4 Nxe5 16. Bxe5 Ne8 17. Nc3 Bf6 18. Bxd5 Qb6 19. Qe4 Bxd5 20. Nxd5 Qe6 21. Nf4 Qc8 22. Rac1 a5 23. Qe3 c4 24. Nd5 Qb7 25. Bxf6 Nxf6 26. Nxf6+ gxf6 27. Qd4 Rfe8 28. Rxc4 1-0

[Event "Cheliabinsk Variant Gp-A"]
[Site "Cheliabinsk"]
[Date "2021.03.23"]
[Round "1"]
[White "Iljin, Timofey"]
[Black "Kotsur, Pavel"]
[Result "1/2-1/2"]
[WhiteElo "2314"]
[BlackElo "2517"]
[PlyCount "117"]
[EventDate "2021.03.23"]
[EventType "swiss"]
[EventRounds "10"]
[EventCountry "RUS"]
[SourceTitle "CBM 202 Extra"]
[Source "ChessBase"]
[SourceDate "2021.07.31"]
[SourceVersion "1"]
[SourceVersionDate "2021.07.31"]
[SourceQuality "1"]

1. d4 Nf6 2. c4 e6 3. Nc3 Bb4 4. e3 0-0 5. Bd3 d5 6. Nf3 b6 7. cxd5 exd5 8. 0-0 Bb7 9. Ne5 Bd6 10. Bd2 c5 11. Rc1 Nc6 12. f4 cxd4 13. Nxc6 Bxc6 14. exd4 Qd7 15. f5 Rfe8 16. Bf4 Rac8 17. Qd2 Ne4 18. Bxe4 dxe4 19. Bxd6 e3 20. Qd3 Qxd6 21. Rfe1 Qf4 22. Re2 Rcd8 23. d5 Re5 24. Rf1 Qb4 25. Rf3 Bd7 26. Rfxe3 Bxf5 27. Rxe5 Bxd3 28. Re8+ Qf8 29. Rxf8+ Kxf8 30. Rd2 Ba6 31. Rd4 Bb7 32. Kf2 Ke7 33. Ke3 Kd7 34. Rg4 Re8+ 35. Kd4 g6 36. Rh4 h5 37. Rf4 f5 38. Rf3 h4 39. Rf4 Rh8 40. Ke5 Ke7 41. Rc4 Kd7 42. Kf6 Kd6 43. Kg5 b5 44. Nxb5+ Kxd5 45. Rc7 Bc6 46. Nxa7 Be8 47. Rc8 Kd6 48. Nb5+ Kd7 49. Ra8 Rh5+ 50. Kf6 f4 51. Nd4 h3 52. gxh3 Rxh3 53. Ke5 f3 54. Ra7+ Kc8 55. Ra8+ Kd7 56. Ra7+ Kc8 57. Ra8+ Kd7 58. Ra7+ Kc8 59. Ra8+ 1/2-1/2

[Event "Titled Tuesday intern op 12th Jan"]
[Site "Chess.com INT"]
[Date "2021.01.12"]
[Round "2"]
[White "Carroll, Thomas"]
[Black "Kotsur, Pavel"]
[Result "1-0"]
[WhiteElo "2033"]
[BlackElo "2517"]
[PlyCount "89"]
[EventDate "2021.01.12"]
[EventType "swiss (blitz)"]
[EventRounds "11"]
[EventCountry "USA"]
[SourceTitle "CBM 200 Extra"]
[Source "ChessBase"]
[SourceDate "2021.03.31"]
[SourceVersion "1"]
[SourceVersionDate "2021.03.31"]
[SourceQuality "1"]

1. d4 Nf6 2. Bg5 d5 3. Nd2 c5 4. e3 Qb6 5. dxc5 Qxc5 6. c4 dxc4 7. Bxf6 exf6 8. Bxc4 Qc7 9. Rc1 Nc6 10. Ngf3 Be7 11. 0-0 0-0 12. Ne4 Qb6 13. Qb3 Bf5 14. Nc3 Qxb3 15. Bxb3 Rac8 16. Rfd1 Rfd8 17. h3 h6 18. Nb5 a6 19. Nbd4 Bd7 20. Nxc6 Bxc6 21. Nd4 Be8 22. Nf5 Kf8 23. Kh2 Rxd1 24. Rxd1 Bb4 25. Nd6 Bxd6+ 26. Rxd6 Bc6 27. Kg3 Ke7 28. Rd4 g6 29. h4 Rc7 30. f3 f5 31. h5 g5 32. f4 Kf6 33. Rd6+ Kg7 34. Kf2 Re7 35. g3 Rc7 36. Ke2 Be4 37. Kd2 Re7 38. Bd5 Bxd5 39. Rxd5 Kf6 40. Rd6+ Re6 41. Rd7 Rb6 42. b3 Ke6 43. Rd8 Rd6+ 44. Rxd6+ Kxd6 45. fxg5 1-0

[Event "Titled Tuesday intern op 12th Jan"]
[Site "Chess.com INT"]
[Date "2021.01.12"]
[Round "10"]
[White "Kotsur, Pavel"]
[Black "Brunner, Nicolas"]
[Result "1-0"]
[WhiteElo "2517"]
[BlackElo "2418"]
[PlyCount "55"]
[EventDate "2021.01.12"]
[EventType "swiss (blitz)"]
[EventRounds "11"]
[EventCountry "USA"]
[SourceTitle "CBM 200 Extra"]
[Source "ChessBase"]
[SourceDate "2021.03.31"]
[SourceVersion "1"]
[SourceVersionDate "2021.03.31"]
[SourceQuality "1"]

1. e4 c5 2. Nf3 e6 3. d4 cxd4 4. Nxd4 Nc6 5. Nc3 Qc7 6. a3 a6 7. g4 b5 8. Be3 Bb7 9. Bg2 Ne5 10. 0-0 h5 11. gxh5 Nf6 12. h6 gxh6 13. Bf4 Rg8 14. Bg3 h5 15. Kh1 Rc8 16. Ndxb5 axb5 17. Nxb5 Qb8 18. Qd4 Nfg4 19. Rad1 Bc5 20. Qd2 h4 21. Bxh4 Nxh2 22. f4 Rxg2 23. Kxg2 Bxe4+ 24. Kxh2 Qxb5 25. fxe5 Bc6 26. b4 Bb6 27. Qf4 Qe2+ 28. Bf2 1-0

[Event "Titled Tuesday intern op 12th Jan"]
[Site "Chess.com INT"]
[Date "2021.01.12"]
[Round "6"]
[White "Kotsur, Pavel"]
[Black "Grochal, Joey"]
[Result "1-0"]
[WhiteElo "2517"]
[BlackElo "2335"]
[PlyCount "81"]
[EventDate "2021.01.12"]
[EventType "swiss (blitz)"]
[EventRounds "11"]
[EventCountry "USA"]
[SourceTitle "CBM 200 Extra"]
[Source "ChessBase"]
[SourceDate "2021.03.31"]
[SourceVersion "1"]
[SourceVersionDate "2021.03.31"]
[SourceQuality "1"]

1. e4 c5 2. Nf3 e6 3. d4 cxd4 4. Nxd4 Nc6 5. Nc3 Qc7 6. Be2 a6 7. 0-0 Nf6 8. Be3 Bb4 9. Na4 0-0 10. c4 Bd6 11. f4 Nxe4 12. Nxc6 bxc6 13. c5 Be7 14. f5 e5 15. Bf3 d5 16. cxd6 Nxd6 17. Rc1 e4 18. Bg4 Bf6 19. Qc2 Nb5 20. Qxe4 Bd7 21. Qd3 Rfe8 22. Kh1 Qe5 23. Bf2 Qd5 24. Rfd1 Re5 25. Nb6 Qxd3 26. Rxd3 Bxf5 27. Bxf5 Rxf5 28. Nxa8 Rxf2 29. a4 Nd4 30. b4 h5 31. Nc7 Ne2 32. Re1 Bc3 33. Red1 Bxb4 34. Nxa6 Ba5 35. Rf3 Rxf3 36. gxf3 Nc3 37. Rd3 Nd5 38. Nb8 Nb4 39. Rc3 Kf8 40. Nxc6 Nd5 41. Rc5 1-0

[Event "Titled Tuesday intern op 12th Jan"]
[Site "Chess.com INT"]
[Date "2021.01.12"]
[Round "4"]
[White "Manukyan, Sargis A"]
[Black "Kotsur, Pavel"]
[Result "1-0"]
[WhiteElo "2244"]
[BlackElo "2517"]
[PlyCount "65"]
[EventDate "2021.01.12"]
[EventType "swiss (blitz)"]
[EventRounds "11"]
[EventCountry "USA"]
[SourceTitle "CBM 200 Extra"]
[Source "ChessBase"]
[SourceDate "2021.03.31"]
[SourceVersion "1"]
[SourceVersionDate "2021.03.31"]
[SourceQuality "1"]

1. d4 Nf6 2. c4 e6 3. Nc3 Bb4 4. a3 Bxc3+ 5. bxc3 c5 6. e3 Nc6 7. Bd3 b6 8. Ne2 d6 9. 0-0 0-0 10. e4 Nd7 11. f4 Ba6 12. f5 exf5 13. exf5 cxd4 14. f6 Nxf6 15. Bg5 Ne5 16. Bxf6 gxf6 17. cxd4 Nxd3 18. Qxd3 d5 19. Rf3 Bxc4 20. Rg3+ Kh8 21. Qf5 Rg8 22. Rh3 Rg7 23. Nf4 Qe7 24. Nh5 Rg6 25. Nf4 Re8 26. Nxg6+ fxg6 27. Qxg6 Rg8 28. Qf5 Rg5 29. Qf2 Kg7 30. Re1 Qd6 31. Rhe3 Kg6 32. Re6 Qxa3 33. Qxf6+ 1-0

[Event "Titled Tuesday intern op 29th Sept"]
[Site "Chess.com INT"]
[Date "2020.09.29"]
[Round "5"]
[White "Kotsur, Pavel"]
[Black "Shuvalov, Evgenij"]
[Result "1-0"]
[WhiteElo "2517"]
[BlackElo "2182"]
[PlyCount "123"]
[EventDate "2020.09.29"]
[EventType "swiss (blitz)"]
[EventRounds "10"]
[EventCountry "USA"]
[SourceTitle "CBM 198 Extra"]
[Source "ChessBase"]
[SourceDate "2020.11.30"]
[SourceVersion "1"]
[SourceVersionDate "2020.11.30"]
[SourceQuality "1"]

1. Nf3 d5 2. d4 c5 3. e3 Nf6 4. dxc5 e6 5. c4 Bxc5 6. Nc3 Nc6 7. a3 0-0 8. b4 Be7 9. Bb2 dxc4 10. Bxc4 a6 11. Qe2 b5 12. Bb3 Bb7 13. 0-0 Qb6 14. Rac1 Rfd8 15. e4 Ng4 16. Nd5 exd5 17. exd5 Bf6 18. Bxf6 Nxf6 19. dxc6 Bxc6 20. Bxf7+ Kh8 21. Ne5 Bd5 22. Rfd1 Qb7 23. Bxd5 Rxd5 24. Rxd5 Qxd5 25. Rd1 Qb3 26. Qd3 Qxd3 27. Rxd3 Re8 28. f4 g5 29. Nf7+ Kg7 30. Nxg5 Re1+ 31. Kf2 Ra1 32. Ne6+ Kg6 33. Nc5 Kf5 34. g3 Ne4+ 35. Nxe4 Kxe4 36. Re3+ Kd4 37. Rb3 Kc4 38. Rf3 Kd5 39. f5 Rc1 40. f6 Rc8 41. g4 Rf8 42. f7 Ke6 43. Ke3 Rxf7 44. Rxf7 Kxf7 45. Kd4 Kf6 46. Kc5 Kg5 47. Kb6 Kxg4 48. Kxa6 Kh3 49. Kxb5 Kxh2 50. a4 h5 51. a5 h4 52. a6 h3 53. a7 Kg1 54. a8Q h2 55. Qf3 h1Q 56. Qxh1+ Kxh1 57. Kc5 Kg2 58. b5 Kf3 59. b6 Ke4 60. b7 Ke5 61. b8Q+ Ke6 62. Qe8+ 1-0

[Event "Titled Tuesday intern op 29th Sept"]
[Site "Chess.com INT"]
[Date "2020.09.29"]
[Round "6"]
[White "Kotsur, Pavel"]
[Black "Sorokin, Aleksey"]
[Result "1-0"]
[WhiteElo "2517"]
[BlackElo "2521"]
[PlyCount "95"]
[EventDate "2020.09.29"]
[EventType "swiss (blitz)"]
[EventRounds "10"]
[EventCountry "USA"]
[SourceTitle "CBM 198 Extra"]
[Source "ChessBase"]
[SourceDate "2020.11.30"]
[SourceVersion "1"]
[SourceVersionDate "2020.11.30"]
[SourceQuality "1"]

1. Nf3 Nf6 2. c4 g6 3. g3 Bg7 4. Bg2 b6 5. d3 Bb7 6. e4 h5 7. h3 d6 8. Nc3 Nbd7 9. Be3 Ne5 10. Ng5 h4 11. g4 Qd7 12. f4 Nc6 13. d4 e6 14. Qd2 Nh7 15. Nxh7 Rxh7 16. 0-0-0 0-0-0 17. Kb1 Rhh8 18. d5 Ne7 19. Bd4 f6 20. dxe6 Qxe6 21. Nd5 Qf7 22. Rhe1 Rhe8 23. Bc3 Kb8 24. Qf2 f5 25. Bxg7 Qxg7 26. exf5 gxf5 27. Nxe7 Rxe7 28. Bxb7 Kxb7 29. Qxh4 Rde8 30. Rxe7 Rxe7 31. Qg3 Re4 32. Qf3 Kb8 33. g5 Rxc4 34. Re1 Qf7 35. h4 d5 36. h5 Re4 37. Rxe4 fxe4 38. g6 Qf5 39. Qg3 e3+ 40. Kc1 Qd3 41. Qg2 e2 42. Qg1 Qc4+ 43. Kd2 Qxf4+ 44. Kxe2 Qe4+ 45. Kd2 Qb4+ 46. Kc2 Qe4+ 47. Kc1 Qf4+ 48. Kb1 1-0